1574 1876 1167 1514 1890 1127 1744 1950 1523 1540 1686 1219 1911 1051 1444 1389 1063 1685 1533 1766 1317 1978 1923 1442 1707 1792 1584 1946 1852 1800 1903 1315 1452 1196 1198 1408 1856 1577 1314 1223 1000 1413 1027 1079 1355 1175 1066 1222 1489 1505 1380 1203 1299 1014 1800 1634 1254 1385 1405 1159 1343 1017 1824 1929 1658 1000 1347 1274 1985 1260 1526 1584 1941 1060 1433 1105 1554 1185 1361 1692 1548 1056 1897 1542 1619 1666 1695 1925 1218 1981 1205 1428 1207 1137 1728 1588 1523 1170 1976 BCNSPRNW ULIB Ver.6.0+V

เปลี่ยนเป็นภาษาไทย

Change to English
 แสดงรายละเอียดบรรณานุกรม
  กลับหน้าหลัก

Brief Record : Get Marc (ISO 2709) : E-mail record : QR code < ปิดหน้าต่าง
LEADER : 00000nam 2200000uu 4500
001    13399108249
003     ULIB
008    110224s2552||||th 000 0 tha d
020    9789748287751
060  4 WS280^bจ464P 2552
110 1  ชมรมโรคระบบหายใจและเวชบำบัดวิกฤตในเด็กแห่งประเทศไทย
245 00 Pediatric pulmonology 2009 :current knowledge and practice/^cจิตลัดดา ดีโรจนวงศ์, ดุสิต สถาวร และนวลจันทร์ ปราบพล, บรรณธิการ
260    กรุงเทพฯ :^bบียอนด์ เอ็นเตอร์ไพรซ์,^c2552.
300    256 หน้า:^bภาพประกอบ.
650  7 กุมารเวชศาสตร์
650  7 โรคระบบหายใจ^xเด็ก
700 0  จิตลัดดา ดีโรจนวงศ์, บรรณธิการ
700 0  ดุสิต สถาวร, บรรณธิการ
700 0  นวลจันทร์ ปราบพล, บรรณธิการ
945    ^p300^l0^i029775
945    ^p300^l0^i027094
945    ^p300^l0^i027093
995    เกษร
999 ^a ใช้งานได้ทุกระบบ
รายการนี้ยังไม่มีแท็ก
คุณยังไม่ได้ล็อกอิน คุณสามารถมีกิจกรรมร่วมกับเว็บไซต์ได้ แต่ต้องล็อกอินก่อน ::
  ล็อกอิน

รายการสื่อสารสนเทศ

ลำดับที่ ประเภท เลขเรียก/บาร์โค้ด สถานที่ สถานะ
- ไม่พบข้อมูล -

รายการใกล้เคียง
    หัวเรื่อง [กุมารเวชศาสตร์]

BibComment


ยังไม่เคยถูกคอมเมนท์

คอมเมนท์ทรัพยากรรายการนี้
  คอมเมนท์: Pediatric pulmono..


 Copyright 2026. Bcnsprnw @Library